000 00340pam a2200133 a 4500
020 _a0-07-058756-6
_c
041 _h
082 _a658.4032
_bANT
100 _aANTHONY ROBERT/ GOVINDARAJAN VIJAY
245 _aMANAGEMENT CONTROL SYSTEM
_hTextual Documents
260 _aNEW DELHI
_bTATA MCGARW HILL
_c2004
300 _a851
930 _a15648
999 _c134843
_d134843